• 首页
  • 本馆介绍
  • 公告通知
  • 最新文献
  • 馆藏检索
  • 电子资源
  • 读者导购
  • 参考咨询
  • 我的图书馆
  • 登录
  • 详细信息显示
  • 放入我的书架
  • 预约/预借图书
  • 作者相关作品
  • 分类相关作品
  • 丛书相关作品
  • 出版社相关作品

书目信息

  • 表格格式
  • 工作单格式
  • 卡片格式
题名:
漫画神农本草经
    
 
作者: 祝世峰 编著 ;陈聪 漫画
分册: 卷二  
出版信息: 北京   农村读物出版社  2003
页数: 302页
开本: 21cm
丛书名: 漫画人生智慧
单 册:
中图分类: R281.2
科图分类:
主题词:
电子资源:
ISBN: 7-5048-4103-X
000 00787oam2 2200265 450
001 1553189911
005 20150131144659.64
010    @a7-5048-4103-X@dCNY19.00
100    @a20030610d2003 em y0chiy50 ea
101 0  @achi
102    @aCN@b110000
105    @ay t 000yy
200 1  @a漫画神农本草经@9man hua shen nong ben cao jing@h卷二@f祝世峰编著@g陈聪漫画
210    @a北京@c农村读物出版社@d2003
215    @a302页@d21cm
225 2  @a漫画人生智慧
308    @a封底丛书名题:漫画人生智慧丛书
461  0 @12001 @a漫画人生智慧
605    @a神农本草经@j普及读物
605    @a神农本草经
690    @aR281.2@v5
701  0 @a祝世峰@9zhu shi feng@c(中医药学)@4编著
702  0 @a陈聪@9chen cong@c(绘画)@4漫画
801  0 @aCN@bTSSF@c20150131
905    @aZUCC@dR281.2@eJY311:2
    
    漫画神农本草经.卷二/祝世峰编著/陈聪漫画.-北京:农村读物出版社,2003
    302页;21cm.-(漫画人生智慧)
    
    
    ISBN 7-5048-4103-X:CNY19.00
    
●
相关链接 在E读中查询图书 在五车中查询图书 在当当中查询图书 在豆瓣中查询图书


正题名:漫画神农本草经     索取号:R281.2/JY311:2         预约/预借

序号 登录号 条形码 馆藏地/架位号 状态 备注
1 7861434   278614340   学院路分馆/ [索取号:R281.2/JY311:2] 在馆    
2 7861435   278614359   学院路分馆/ [索取号:R281.2/JY311:2] 在馆    
3 7861436   278614368   学院路分馆/ [索取号:R281.2/JY311:2] 在馆    
唐山师范学院图书馆 欢迎您!
大连网信软件有限公司© 版权所有